01046nam a2200193 i 450000100060000000300090000600500170001500700030003200800410003510000180007624501860009426000440028030000290032450503760035365000440072970000370077374000210081085200210083125770ES-MaACL20250805063231.0t|030102s1847 fr ||||1| fre d0 aAristóteles10aPsychologie d'Aristote b: opuscules (Parva naturalia) / ctraduits en français pour la première fois et accompagnés de notes perpétuelles par J. Barthélemy-Saint-Hilaire. aParís : bDumont, c1847 (fChapelet) aLXXXV, 444 p. ; c23 cm.8 aContiene: De la sensation et des choses sensibles. - De la mémoire et de la réminiscence. - Du sommeil et de la veille. - Des rêves. - De la divination dans le sommeil. - Du principe général du mouvement dans les animaux. - De la longévité et de la brièveté de la vie. - De la jeunesse et de la vieillesse. - De la vie et de la mort. - De la respiration 4aPsicología-vObras anteriores a 1800.1 aBarthelemy Saint-Hilaire, Jules.0 aParva naturalia. aES-MaACLjF-7885